Hội thảo tập huấn - Nguyên tắc và kỹ năng Công tác xã hội nâng cao

Đã lưu trong:
書目詳細資料
主要作者: Vũ, Nhi Công
格式: 圖書
語言:Vietnamese
出版: Tp. Cao Lãnh [Nxb.Tp. Cao Lãnh] 2007
主題:
標簽: 添加標簽
沒有標簽, 成為第一個標記此記錄!
Thư viện lưu trữ: Trung tâm Học liệu Lê Vũ Hùng, Trường Đại học Đồng Tháp
LEADER 00891aam a22002298a 4500
001 00028691
005 20171026081023.0
008 120330s2007 ||||||viesd
041 0 # |a vie 
082 1 4 |a 361.3  |b H452TH 
100 1 # |a Vũ, Nhi Công 
245 1 0 |a Hội thảo tập huấn - Nguyên tắc và kỹ năng Công tác xã hội nâng cao  |c Vũ Nhi Công 
260 # # |a Tp. Cao Lãnh  |b [Nxb.Tp. Cao Lãnh]  |c 2007 
300 # # |a 17cm.  |c 29cm. 
650 # 4 |a Công tác xã hội  |x Nguyên tắc 
653 # # |a Công tác xã hội nâng cao 
653 # # |a Kỹ năng 
852 # # |b Kho mượn  |j KM.0013237, KM.0013238, KM.0013403 
852 # # |b Kho đọc  |j KD.0013237, KD.0013241 
852 # # |j KM.0013403  |j KD.0013241  |j KM.0013237  |j KM.0013238 
910 |d 30/03/2012 
980 # # |a Trung tâm Học liệu Lê Vũ Hùng, Trường Đại học Đồng Tháp